| 000 | 00378 a2200121 4500 | ||
|---|---|---|---|
| 001 | ART_31313 | ||
| 005 | 20260410161840.0 | ||
| 008 | 260409a | ||
| 245 | 1 | 0 | _aNueva obra social para las Fuerzas Armadas y de Seguridad |
| 100 | 1 | _aFuria de Torres, Lilian Alicia G. | |
| 700 | 1 | _aTorres, Ismael F. | |
| 773 | 0 |
_tRAP _g- Año 37, Nº 435 (dic. 2014) _wREV5941 |
|
| 999 |
_c24046 _d24046 |
||